[Event "ESP-chT CECLUB Div2 Gp1"]
[Site "Padron"]
[Date "2012.08.10"]
[Round "4.1"]
[White "Paredes Galan, Angel"]
[Black "Fernandez Borrego, Pablo"]
[Result "0-1"]
[WhiteElo "2351"]
[BlackElo "2340"]
[PlyCount "88"]
[EventDate "2012.08.08"]
[EventType "team-swiss"]
[EventRounds "6"]
[EventCountry "ESP"]
[SourceTitle "CBM 149 Extra"]
[Source "ChessBase"]
[SourceDate "2012.08.24"]
[SourceVersion "1"]
[SourceVersionDate "2012.08.24"]
[SourceQuality "1"]
[WhiteTeam "Algalia"]
[BlackTeam "Circulo Perrolano"]
[WhiteTeamCountry "ESP"]
[BlackTeamCountry "ESP"]

1. Nf3 d5 2. g3 Nf6 3. Bg2 e6 4. 0-0 Be7 5. b3 b5 6. c4 bxc4 7. bxc4 0-0 8. Ne5 c6 9. Qa4 Qc7 10. d4 Nfd7 11. Bf4 Bd6 12. cxd5 exd5 13. Nxd7 Nxd7 14. Bxd6 Qxd6 15. Rc1 Bb7 16. Nd2 Nb6 17. Qa5 Bc8 18. Qc3 Bd7 19. a4 a5 20. Rcb1 Rfb8 21. e3 Bf5 22. Rc1 Qb4 23. Qxb4 axb4 24. a5 Nc4 25. Nb3 Kf8 26. Bf1 Ke7 27. a6 Rb6 28. f3 Rbxa6 29. Rxa6 Rxa6 30. Bxc4 dxc4 31. Rxc4 Rb6 32. Rc1 Be6 33. Rb1 Bxb3 34. Rxb3 Kd6 35. Kf2 Kd5 36. Ke2 Kc4 37. Rb1 Ra6 38. Kd1 Kc3 39. Rc1+ Kd3 40. Rb1 Ra2 41. Ke1 Kc3 42. e4 b3 43. d5 cxd5 44. exd5 Kc2 0-1

[Event "ESP-chT Autonomicas"]
[Site "Padron"]
[Date "2006.10.07"]
[Round "4.4"]
[White "Paredes Galan, Angel"]
[Black "Abuin Boullon, Manuel Angel"]
[Result "1-0"]
[WhiteElo "2370"]
[BlackElo "2144"]
[PlyCount "115"]
[EventDate "2006.10.05"]
[EventType "team-swiss"]
[EventRounds "6"]
[EventCountry "ESP"]
[SourceTitle "EXT 2018"]
[Source "ChessBase"]
[SourceDate "2017.10.13"]
[SourceVersion "1"]
[SourceVersionDate "2017.10.13"]
[SourceQuality "1"]
[WhiteTeam "Galicia II"]
[BlackTeam "Galicia III"]
[WhiteTeamCountry "ESP"]
[BlackTeamCountry "ESP"]

1. c4 e6 2. Nf3 d5 3. e3 Nf6 4. b3 b6 5. Bb2 Bb7 6. Be2 Be7 7. 0-0 0-0 8. Qc2 c5 9. d3 Nc6 10. a3 Qc7 11. Nbd2 Rac8 12. cxd5 Nxd5 13. Rac1 Rfd8 14. Qb1 Qb8 15. Nc4 b5 16. Nce5 Bd6 17. d4 Nxe5 18. dxe5 Be7 19. Bxb5 Ba8 20. Bc4 Nb6 21. Ba6 Bb7 22. Bxb7 Qxb7 23. Rfd1 Nd5 24. Qc2 Rb8 25. Rd3 a5 26. Rb1 Rdc8 27. Nd2 Rd8 28. Nc4 Qa6 29. Rbd1 Nb6 30. Rxd8+ Rxd8 31. Rxd8+ Bxd8 32. Qd2 Bc7 33. Qxa5 Qxa5 34. Nxa5 Na4 35. Nc4 Nxb2 36. Nxb2 Bxe5 37. Nd3 Bd6 38. a4 Kf8 39. a5 Ke8 40. a6 Bb8 41. Ne5 Kd8 42. Nc6+ Kc7 43. a7 Bxa7 44. Nxa7 Kb6 45. Nc8+ Kc7 46. Ne7 Kd7 47. Ng8 Kc6 48. Kf1 Kb5 49. Ke2 c4 50. bxc4+ Kxc4 51. h4 Kc5 52. h5 h6 53. g4 Kd5 54. f4 f6 55. Kd3 Kd6 56. Ke4 Kd7 57. Nxf6+ gxf6 58. g5 1-0

[Event "Paris-ch"]
[Site "Paris"]
[Date "2005.07.17"]
[Round "9"]
[White "Paredes Galan, Angel"]
[Black "Shirazi, Kamran"]
[Result "1-0"]
[WhiteElo "2334"]
[BlackElo "2410"]
[PlyCount "113"]
[EventDate "2005.07.10"]
[EventType "swiss"]
[EventRounds "9"]
[EventCountry "FRA"]
[SourceTitle "CBM 107 Extra"]
[Source "ChessBase"]
[SourceDate "2005.09.01"]
[SourceVersion "1"]
[SourceVersionDate "2005.09.01"]
[SourceQuality "1"]

1. e4 c5 2. Nc3 Nf6 3. e5 Ng8 4. Nf3 Nc6 5. Bb5 Qc7 6. Nd5 Qb8 7. Bxc6 dxc6 8. Ne3 g5 9. h3 Bg7 10. d4 h5 11. c3 g4 12. hxg4 hxg4 13. Rxh8 Bxh8 14. Qd3 Kf8 15. Nh4 cxd4 16. cxd4 Be6 17. Bd2 Bg7 18. Qh7 Nh6 19. 0-0-0 Qd8 20. Bc3 b5 21. f4 a5 22. f5 Bd5 23. f6 exf6 24. Nhf5 Nxf5 25. Nxf5 Ke8 26. Qxg7 b4 27. Be1 Kd7 28. Nd6 Qg8 29. Qxf6 Qg6 30. Qxg6 fxg6 31. b3 Bxg2 32. Rd2 Bd5 33. Rh2 Rf8 34. Rh7+ Ke6 35. Kd2 Rf4 36. Bg3 Rxd4+ 37. Ke3 Rd1 38. Nc8 Bf3 39. Re7+ Kd5 40. Rd7+ Ke6 41. Rd6+ Rxd6 42. exd6 c5 43. Kd3 Bb7 44. Nb6 Ba6+ 45. Ke3 Bb5 46. Na8 Kd7 47. Nc7 Bf1 48. Nd5 Ke6 49. Kf2 Bd3 50. Nf4+ Kxd6 51. Nxd3+ Kd5 52. Nb2 Kd4 53. Bd6 Kc3 54. Be5+ Kc2 55. Nc4 Kb1 56. Nxa5 Kxa2 57. Bd6 1-0

[Event "Paris-ch"]
[Site "Paris"]
[Date "2005.07.15"]
[Round "7"]
[White "Paredes Galan, Angel"]
[Black "Morelle, Ludovic"]
[Result "1-0"]
[WhiteElo "2334"]
[BlackElo "2232"]
[PlyCount "97"]
[EventDate "2005.07.10"]
[EventType "swiss"]
[EventRounds "9"]
[EventCountry "FRA"]
[SourceTitle "CBM 107 Extra"]
[Source "ChessBase"]
[SourceDate "2005.09.01"]
[SourceVersion "1"]
[SourceVersionDate "2005.09.01"]
[SourceQuality "1"]

1. e4 g6 2. d4 Bg7 3. Nf3 c6 4. Bd3 d5 5. e5 Nh6 6. Nc3 f6 7. h4 Bg4 8. exf6 exf6 9. Bf4 Qe7+ 10. Ne2 Nf5 11. c3 Nd7 12. Qc2 Bh6 13. 0-0-0 0-0-0 14. Bxh6 Nxh6 15. Nh2 Bf5 16. Nf4 Qd6 17. g3 Bxd3 18. Nxd3 Rhe8 19. Rde1 Nf8 20. Qd2 Nf5 21. Ng4 h5 22. Ne3 Ng7 23. Ng2 Qd7 24. Rxe8 Rxe8 25. Re1 Nf5 26. Ngf4 b6 27. Kc2 Re4 28. Nb4 a5 29. Nbd3 Qe7 30. Kd1 Nd6 31. b3 Nb5 32. Rxe4 Qxe4 33. Kc2 c5 34. dxc5 bxc5 35. Qe3 Qxe3 36. fxe3 c4 37. Nc5 Kc7 38. b4 axb4 39. cxb4 Kd6 40. a4 Na7 41. Kc3 f5 42. Na6 Nc8 43. b5 Nb6 44. a5 Na4+ 45. Kc2 Nd7 46. Nxg6 Nf6 47. b6 Kc6 48. Ne7+ Kb5 49. b7 1-0

[Event "Paris-ch"]
[Site "Paris"]
[Date "2005.07.11"]
[Round "3"]
[White "Verdier, Patrice"]
[Black "Paredes Galan, Angel"]
[Result "0-1"]
[WhiteElo "2252"]
[BlackElo "2334"]
[PlyCount "104"]
[EventDate "2005.07.10"]
[EventType "swiss"]
[EventRounds "9"]
[EventCountry "FRA"]
[SourceTitle "CBM 107 Extra"]
[Source "ChessBase"]
[SourceDate "2005.09.01"]
[SourceVersion "1"]
[SourceVersionDate "2005.09.01"]
[SourceQuality "1"]

1. d4 Nf6 2. c4 g6 3. Nc3 d5 4. cxd5 Nxd5 5. e4 Nxc3 6. bxc3 Bg7 7. Bc4 0-0 8. Ne2 c5 9. Be3 Qc7 10. Rc1 Nc6 11. 0-0 a6 12. Qd2 b5 13. Bd3 Na5 14. Bh6 Qb6 15. Qg5 f6 16. Qh4 Nc6 17. Be3 c4 18. Bb1 Qc7 19. d5 Nd8 20. f4 e5 21. dxe6 Nxe6 22. f5 g5 23. Qf2 Nd8 24. Rcd1 Nf7 25. Bd4 Re8 26. Ng3 Bb7 27. Nh5 Ne5 28. Bxe5 Rxe5 29. Qd4 Rae8 30. Qd7 Qc5+ 31. Kh1 R5e7 32. Qd6 Qxd6 33. Rxd6 Kf7 34. Ng3 Rc7 35. Rfd1 Bc6 36. Bc2 Bf8 37. Rd8 Rxd8 38. Rxd8 Rd7 39. Rxd7+ Bxd7 40. Kg1 Ba3 41. Kf2 Ke7 42. Ne2 Kd6 43. Kf3 Ke5 44. Ke3 Bc6 45. Kf3 h5 46. h4 g4+ 47. Ke3 Bc5+ 48. Kd2 Bf2 49. g3 Bxe4 50. Bxe4 Kxe4 51. Nf4 Bxg3 52. Nxh5 Bxh4 0-1

[Event "Paris-ch"]
[Site "Paris"]
[Date "2005.07.10"]
[Round "2"]
[White "Paredes Galan, Angel"]
[Black "Yakovich, Yuri"]
[Result "0-1"]
[WhiteElo "2334"]
[BlackElo "2560"]
[PlyCount "50"]
[EventDate "2005.07.10"]
[EventType "swiss"]
[EventRounds "9"]
[EventCountry "FRA"]
[SourceTitle "CBM 107 Extra"]
[Source "ChessBase"]
[SourceDate "2005.09.01"]
[SourceVersion "1"]
[SourceVersionDate "2005.09.01"]
[SourceQuality "1"]

1. e4 c5 2. Nf3 e6 3. d4 cxd4 4. Nxd4 a6 5. Nc3 b5 6. g3 Bb7 7. Bg2 Nf6 8. 0-0 b4 9. Na4 Bxe4 10. Bxe4 Nxe4 11. Re1 Nf6 12. c4 bxc3 13. Qb3 d5 14. bxc3 Nbd7 15. Be3 Qc8 16. Qc2 Be7 17. Rab1 0-0 18. Bf4 Bc5 19. Nxc5 Qxc5 20. Rb3 Rfc8 21. Qb2 h6 22. Kg2 Qc4 23. Qa3 Qc5 24. Qb2 Qf8 25. Qe2 e5 0-1

[Event "Paris-ch"]
[Site "Paris"]
[Date "2005.07.09"]
[Round "1"]
[White "Kazhgaleyev, Murtas"]
[Black "Paredes Galan, Angel"]
[Result "1/2-1/2"]
[WhiteElo "2619"]
[BlackElo "2334"]
[PlyCount "89"]
[EventDate "2005.07.10"]
[EventType "swiss"]
[EventRounds "9"]
[EventCountry "FRA"]
[SourceTitle "CBM 107 Extra"]
[Source "ChessBase"]
[SourceDate "2005.09.01"]
[SourceVersion "1"]
[SourceVersionDate "2005.09.01"]
[SourceQuality "1"]

1. d4 Nf6 2. c4 g6 3. Nc3 d5 4. Nf3 Bg7 5. Qb3 dxc4 6. Qxc4 0-0 7. e4 a6 8. Qb3 c5 9. dxc5 Nbd7 10. c6 bxc6 11. Be2 Rb8 12. Qc2 Qb6 13. 0-0 Nc5 14. Rb1 Ne6 15. Be3 c5 16. Na4 Qc6 17. Nd2 Bb7 18. Rbc1 Nxe4 19. Bf3 f5 20. Nxe4 fxe4 21. Bg4 Kh8 22. b3 Nd4 23. Qxc5 Qxc5 24. Nxc5 h5 25. Ne6 Nxe6 26. Bxe6 Be5 27. Rfd1 Rbd8 28. Bc4 Kg7 29. Bb6 Rxd1+ 30. Rxd1 Bd6 31. Bd5 Bxd5 32. Rxd5 h4 33. Ra5 Rc8 34. Be3 Rc2 35. h3 Kf7 36. Rxa6 Rb2 37. Kf1 Bb4 38. g4 hxg3 39. fxg3 Rb1+ 40. Ke2 Rb2+ 41. Kd1 Rb1+ 42. Kc2 Re1 43. Bf4 Re2+ 44. Kd1 Re1+ 45. Kc2 1/2-1/2

[Event "ESP-chT fin"]
[Site "Sanxenxo"]
[Date "2003.11.20"]
[Round "4"]
[White "Paredes Galan, Angel"]
[Black "Pomes Marcet, Juan"]
[Result "0-1"]
[WhiteElo "2321"]
[BlackElo "2379"]
[PlyCount "106"]
[EventDate "2003.11.17"]
[EventType "team"]
[EventRounds "6"]
[EventCountry "ESP"]
[SourceTitle "CBM 097 Extra"]
[Source "ChessBase"]
[SourceDate "2004.01.13"]
[SourceVersion "1"]
[SourceVersionDate "2004.01.13"]
[SourceQuality "1"]

1. e4 e6 2. d4 d5 3. Nc3 Bb4 4. e5 Qd7 5. a3 Bxc3+ 6. bxc3 b6 7. Qg4 f5 8. Qg3 Nc6 9. Nh3 Bb7 10. Nf4 0-0-0 11. Bb5 a6 12. Bd3 Na5 13. 0-0 Nc4 14. Rb1 a5 15. Rd1 Qf7 16. Bxc4 dxc4 17. d5 Bxd5 18. Nxd5 Rxd5 19. Rxd5 exd5 20. Bf4 Qg6 21. Qxg6 hxg6 22. Rb5 Ne7 23. Bg5 Kd7 24. Bxe7 Kxe7 25. Rxd5 g5 26. g3 g4 27. Rd4 Ke6 28. Rxc4 c5 29. f3 gxf3 30. Rf4 Rd8 31. Rxf3 Rd1+ 32. Kg2 Rc1 33. Rd3 Rxc2+ 34. Kf3 Kxe5 35. h4 c4 36. Re3+ Kf6 37. g4 fxg4+ 38. Kxg4 b5 39. Rf3+ Ke6 40. Re3+ Kd6 41. Kf5 Rf2+ 42. Kg6 Rg2+ 43. Kf5 Rf2+ 44. Kg6 Rd2 45. Kxg7 Rd3 46. Re1 Rxc3 47. h5 Rg3+ 48. Kf6 Rxa3 49. Rh1 Rf3+ 50. Kg7 Re3 51. h6 c3 52. Kf8 c2 53. h7 Rc3 0-1

[Event "Ortigueira op 2nd"]
[Site "Ortigueira"]
[Date "2003.08.07"]
[Round "5"]
[White "Penalonga Sweers, Angel"]
[Black "Paredes Galan, Angel"]
[Result "0-1"]
[WhiteElo "2075"]
[BlackElo "2315"]
[PlyCount "88"]
[EventDate "2003.08.03"]
[EventType "swiss"]
[EventRounds "9"]
[EventCountry "ESP"]
[SourceTitle "EXT 2004"]
[Source "ChessBase"]
[SourceDate "2003.11.25"]
[SourceVersion "1"]
[SourceVersionDate "2003.11.25"]
[SourceQuality "1"]

1. e4 e6 2. d4 d5 3. e5 c5 4. c3 Nc6 5. Nf3 Bd7 6. dxc5 Bxc5 7. Bd3 Nge7 8. b4 Bb6 9. b5 Na5 10. a4 Rc8 11. Ba3 Ng6 12. g3 Nc4 13. Bxc4 Rxc4 14. Nbd2 Rxc3 15. Bb4 Rc8 16. Nb3 f6 17. Bd6 fxe5 18. Bb4 e4 19. Nfd2 Qf6 20. 0-0 Ne5 21. a5 Bd8 22. Nc5 Bxb5 23. Ndxe4 Nf3+ 24. Kh1 Qe5 25. Nxb7 Qh5 26. Kg2 Qxh2+ 27. Kxf3 dxe4+ 28. Ke3 Qh6+ 29. f4 exf3+ 30. Kxf3 Bc6+ 31. Ke2 Qh5+ 32. Kf2 Qh2+ 33. Ke1 Qxg3+ 34. Rf2 Qg1+ 35. Ke2 Qxd1+ 36. Kxd1 Bxb7 37. a6 Bd5 38. Kd2 Be7 39. Bc3 Rxc3 40. Kxc3 Bf6+ 41. Rxf6 gxf6 42. Kd4 Ke7 43. Rg1 Kd6 44. Rg7 h5 0-1

[Event "ESP-chT1"]
[Site "Mondariz"]
[Date "2002.09.14"]
[Round "6.3"]
[White "Paredes Galan, Angel"]
[Black "Gonzalez de la Torre, Santiago"]
[Result "1/2-1/2"]
[WhiteElo "2302"]
[BlackElo "2420"]
[PlyCount "114"]
[EventDate "2002.09.04"]
[EventType "team"]
[EventRounds "6"]
[EventCountry "ESP"]
[SourceTitle "CBM 090 Extra"]
[Source "ChessBase"]
[SourceDate "2002.11.07"]
[SourceVersion "1"]
[SourceVersionDate "2002.11.07"]
[SourceQuality "1"]

1. e4 c5 2. Nf3 Nc6 3. d4 cxd4 4. Nxd4 g6 5. Nc3 Bg7 6. Be3 Nf6 7. Bc4 0-0 8. Bb3 d6 9. h3 Bd7 10. 0-0 a6 11. Re1 b5 12. Nxc6 Bxc6 13. Nd5 Bxd5 14. exd5 Nd7 15. Bd4 Bf6 16. Bxf6 exf6 17. a4 Re8 18. Qd4 Rxe1+ 19. Rxe1 Nc5 20. Re3 Rc8 21. axb5 axb5 22. g4 Ra8 23. Qb4 Qd7 24. Qc3 f5 25. Qd4 fxg4 26. hxg4 Re8 27. f3 Re7 28. Kf2 Qe8 29. Ba2 Rxe3 30. Qxe3 Qxe3+ 31. Kxe3 Na4 32. b4 Nc3 33. Bb3 h5 34. g5 f6 35. f4 Kg7 36. Kf3 Kf8 37. Kg3 Kf7 38. Kf3 Ke8 39. Ke3 Ke7 40. Kf3 Kf8 41. Ke3 Ke8 42. Kf3 Ke7 43. Ke3 h4 44. Kf3 h3 45. Kg3 Ne2+ 46. Kxh3 Nxf4+ 47. Kg4 Ne2 48. gxf6+ Kxf6 49. c4 bxc4 50. Bxc4 Nc3 51. b5 Na4 52. Kf4 Nb6 53. Bb3 g5+ 54. Ke4 g4 55. Kf4 g3 56. Kxg3 Ke5 57. Kf3 Nxd5 1/2-1/2

[Event "ESP-chT2"]
[Site "Vila Real"]
[Date "2001.??.??"]
[Round "5"]
[White "Paredes Galan, Angel"]
[Black "Mate Adan, Carlos"]
[Result "1-0"]
[WhiteElo "2335"]
[BlackElo "2262"]
[PlyCount "73"]
[EventDate "2001.08.13"]
[EventType "team"]
[EventRounds "7"]
[EventCountry "ESP"]
[SourceTitle "EXT 2003"]
[Source "ChessBase"]
[SourceDate "2002.11.25"]
[SourceVersion "1"]
[SourceVersionDate "2002.11.25"]
[SourceQuality "1"]

1. e4 c6 2. d4 d5 3. Nc3 dxe4 4. Nxe4 Nf6 5. Nxf6+ exf6 6. c3 Bd6 7. Bd3 Qc7 8. Ne2 Bg4 9. h3 Bh5 10. Be3 Nd7 11. Qc2 Bg6 12. 0-0-0 0-0-0 13. Kb1 Bxd3 14. Qxd3 g6 15. c4 f5 16. c5 Be7 17. Qa3 b6 18. cxb6 Nxb6 19. Qb3 Nd5 20. Rc1 Qb7 21. Rxc6+ Qxc6 22. Rc1 Qxc1+ 23. Bxc1 Rd7 24. Qc4+ Kb7 25. Nc3 Nxc3+ 26. bxc3 Ka8 27. Kc2 Rhd8 28. Qxf7 Rc8 29. Qe6 Rdc7 30. Qd5+ Rc6 31. Kd3 Kb7 32. Bf4 Bf6 33. f3 Kb6 34. Qb3+ Ka6 35. g4 Rb6 36. Qa4+ Kb7 37. Qd7+ 1-0

[Event "Sitges op 27th"]
[Site "Sitges"]
[Date "2001.??.??"]
[Round "3"]
[White "Paredes Galan, Angel"]
[Black "Pinol Fulgoni, Fabrice"]
[Result "1/2-1/2"]
[WhiteElo "2335"]
[BlackElo "2198"]
[PlyCount "33"]
[EventDate "2001.??.??"]
[EventType "swiss"]
[EventRounds "9"]
[EventCountry "ESP"]
[SourceTitle "EXT 2002"]
[Source "ChessBase"]
[SourceDate "2001.11.25"]
[SourceVersion "1"]
[SourceVersionDate "2001.11.25"]
[SourceQuality "1"]

1. e4 c5 2. Nf3 Nc6 3. Nc3 e6 4. d4 cxd4 5. Nxd4 Nf6 6. Nxc6 bxc6 7. e5 Nd5 8. Ne4 Qc7 9. f4 Qa5+ 10. c3 Bb7 11. Bd3 Ba6 12. 0-0 f5 13. exf6 Nxf6 14. Qe2 Bxd3 15. Qxd3 Nxe4 16. Qxe4 Qf5 17. Qxf5 1/2-1/2

[Event "ESP-chT2"]
[Site "Vila Real"]
[Date "2001.??.??"]
[Round "6"]
[White "Pinero Fernandez, Xavier"]
[Black "Paredes Galan, Angel"]
[Result "1/2-1/2"]
[WhiteElo "2191"]
[BlackElo "2335"]
[PlyCount "81"]
[EventDate "2001.08.13"]
[EventType "team"]
[EventRounds "7"]
[EventCountry "ESP"]
[SourceTitle "EXT 2003"]
[Source "ChessBase"]
[SourceDate "2002.11.25"]
[SourceVersion "1"]
[SourceVersionDate "2002.11.25"]
[SourceQuality "1"]

1. d4 Nf6 2. Bg5 c6 3. Bxf6 gxf6 4. e3 Qb6 5. b3 d6 6. Bd3 Nd7 7. Ne2 f5 8. c4 Nf6 9. Qc2 e6 10. Nbc3 Bd7 11. Rb1 Rg8 12. g3 Qc7 13. b4 b6 14. 0-0 h5 15. e4 fxe4 16. Nxe4 Be7 17. Nxf6+ Bxf6 18. Be4 h4 19. Bg2 a5 20. a3 Ke7 21. Rfe1 axb4 22. axb4 Ra3 23. Rbd1 hxg3 24. hxg3 Qa7 25. Nf4 Qa4 26. Qh7 Rg7 27. Qe4 Rg5 28. d5 Re5 29. Qh7 Rxe1+ 30. Rxe1 Qxb4 31. Re2 Ra1+ 32. Kh2 Be5 33. dxe6 Bxe6 34. Nxe6 Kxe6 35. Bh3+ Ke7 36. Qh4+ Kf8 37. Rxe5 dxe5 38. Qh8+ Ke7 39. Qxe5+ Kf8 40. Qxa1 Qc5 41. Qe1 1/2-1/2

[Event "Nigran op"]
[Site "Nigran"]
[Date "1998.??.??"]
[Round "4"]
[White "Adla, Diego Gustavo"]
[Black "Paredes Galan, Angel"]
[Result "1-0"]
[WhiteElo "2470"]
[BlackElo "2305"]
[PlyCount "71"]
[EventDate "1998.??.??"]
[EventType "swiss"]
[EventRounds "9"]
[EventCountry "ESP"]
[SourceTitle "EXT 2004"]
[Source "ChessBase"]
[SourceDate "2003.11.25"]
[SourceVersion "1"]
[SourceVersionDate "2003.11.25"]
[SourceQuality "1"]

1. d4 Nf6 2. c4 g6 3. Nc3 Bg7 4. e4 d6 5. Be2 0-0 6. Nf3 e5 7. 0-0 Nc6 8. d5 Ne7 9. Ne1 Ne8 10. a4 a5 11. Nd3 f5 12. f3 c5 13. dxc6 bxc6 14. Re1 Nc7 15. Bf1 Ne6 16. c5 dxc5 17. Be3 f4 18. Bf2 Qb6 19. Nxc5 Nd4 20. Bc4+ Kh8 21. Nd3 Ba6 22. Bxa6 Qxa6 23. Bxd4 exd4 24. Ne2 g5 25. Rc1 Rfc8 26. Rc5 h6 27. h4 Ng6 28. hxg5 Bf8 29. Rf5 Nh4 30. Nc5 Qc4 31. b3 Qb4 32. Nd3 Qd6 33. Rf6 Qd8 34. Ne5 Ra7 35. Nxf4 hxg5 36. Rxf8+ 1-0

[Event "La Coruna op"]
[Site "La Coruna"]
[Date "1998.??.??"]
[Round "?"]
[White "Paredes Galan, Angel"]
[Black "Andrade, Leonardo"]
[Result "1-0"]
[WhiteElo "2285"]
[BlackElo "2250"]
[PlyCount "53"]
[EventDate "1998.07.??"]
[EventType "swiss"]
[EventRounds "9"]
[EventCountry "ESP"]
[SourceTitle "EXT 2000"]
[Source "ChessBase"]
[SourceDate "1999.11.16"]
[SourceVersion "1"]
[SourceVersionDate "1999.11.16"]
[SourceQuality "1"]

1. c4 g6 2. Nc3 Bg7 3. Nf3 d6 4. d4 Nf6 5. e4 0-0 6. Be2 e5 7. d5 c5 8. Bg5 h6 9. Bh4 Na6 10. 0-0 g5 11. Bg3 Nh5 12. Nd2 Nf4 13. a3 f5 14. exf5 Bxf5 15. Bg4 Bxg4 16. Qxg4 h5 17. Qd1 h4 18. Bxf4 Rxf4 19. Nce4 Bh6 20. g3 hxg3 21. hxg3 Rf5 22. Qg4 Qf8 23. Kg2 Qf7 24. Nf3 Qh7 25. Rh1 Raf8 26. Nfxg5 Qg6 27. Rxh6 1-0

[Event "Nigran op"]
[Site "Nigran"]
[Date "1998.??.??"]
[Round "9"]
[White "Paredes Galan, Angel"]
[Black "Conde Abuin, Manuel"]
[Result "1/2-1/2"]
[WhiteElo "2305"]
[BlackElo "2000"]
[PlyCount "79"]
[EventDate "1998.??.??"]
[EventType "swiss"]
[EventRounds "9"]
[EventCountry "ESP"]
[SourceTitle "EXT 2004"]
[Source "ChessBase"]
[SourceDate "2003.11.25"]
[SourceVersion "1"]
[SourceVersionDate "2003.11.25"]
[SourceQuality "1"]

1. c4 e6 2. Nf3 Nf6 3. b3 d5 4. e3 Be7 5. Bb2 b6 6. Be2 Bb7 7. 0-0 Nbd7 8. cxd5 exd5 9. d4 0-0 10. Nbd2 c5 11. Rc1 Rc8 12. Bd3 Ne4 13. Bb1 Bd6 14. Ne5 f5 15. Nxe4 fxe4 16. Qg4 Bxe5 17. dxe5 Qe7 18. f4 exf3 19. Qh5 g6 20. Bxg6 hxg6 21. Qxg6+ Qg7 22. Qxg7+ Kxg7 23. e6+ Nf6 24. Rxf3 Rce8 25. Rg3+ Kh6 26. Rh3+ Kg6 27. Rg3+ Kh6 28. Rh3+ Nh5 29. g4 Rg8 30. Rxh5+ Kg6 31. Re5 Re7 32. Rf1 Rge8 33. h4 Rxe6 34. Rg5+ Kh6 35. Rg7 R8e7 36. Rg8 Re8 37. Rxe8 Rxe8 38. Kf2 Rg8 39. Kg3 d4 40. Rf6+ 1/2-1/2

[Event "Nigran op"]
[Site "Nigran"]
[Date "1998.??.??"]
[Round "5"]
[White "Paredes Galan, Angel"]
[Black "Garcia Castro, Pablo"]
[Result "1-0"]
[WhiteElo "2305"]
[BlackElo "2180"]
[PlyCount "75"]
[EventDate "1998.??.??"]
[EventType "swiss"]
[EventRounds "9"]
[EventCountry "ESP"]
[SourceTitle "EXT 2004"]
[Source "ChessBase"]
[SourceDate "2003.11.25"]
[SourceVersion "1"]
[SourceVersionDate "2003.11.25"]
[SourceQuality "1"]

1. Nf3 d6 2. c4 g6 3. Nc3 Bg7 4. g3 Nf6 5. Bg2 0-0 6. 0-0 Nbd7 7. Rb1 e5 8. d3 Re8 9. Nd2 Nf8 10. b4 c6 11. b5 c5 12. Nde4 Nh5 13. Nd5 Ne6 14. Bd2 f5 15. Nec3 Rf8 16. a4 Rb8 17. e3 f4 18. Ne4 Ng5 19. Nxg5 Qxg5 20. exf4 exf4 21. Nxf4 Nxf4 22. Bxf4 Rxf4 23. gxf4 Qh4 24. Qf3 Bf5 25. Rbe1 Rf8 26. Qg3 Qxg3 27. fxg3 Bxd3 28. Bd5+ Kh8 29. Rf3 Bc3 30. Re7 Bd4+ 31. Kg2 Bc2 32. a5 b6 33. a6 h5 34. Rf1 Bf5 35. Rfe1 Bg7 36. Rxa7 g5 37. Rxg7 Kxg7 38. a7 1-0

[Event "Nigran op"]
[Site "Nigran"]
[Date "1998.??.??"]
[Round "7"]
[White "Paredes Galan, Angel"]
[Black "Terreu Serra, Francesco"]
[Result "0-1"]
[WhiteElo "2305"]
[BlackElo "2040"]
[PlyCount "48"]
[EventDate "1998.??.??"]
[EventType "swiss"]
[EventRounds "9"]
[EventCountry "ESP"]
[SourceTitle "EXT 2004"]
[Source "ChessBase"]
[SourceDate "2003.11.25"]
[SourceVersion "1"]
[SourceVersionDate "2003.11.25"]
[SourceQuality "1"]

1. e4 e6 2. d4 d5 3. Nc3 Bb4 4. e5 c5 5. a3 Bxc3+ 6. bxc3 Ne7 7. Bd3 Qa5 8. dxc5 Qxc3+ 9. Bd2 Qxe5+ 10. Ne2 Nbc6 11. 0-0 Qh5 12. f3 e5 13. c4 0-0 14. cxd5 Nxd5 15. Ng3 Qh4 16. Ne4 h6 17. Qb3 Nde7 18. Bc4 Nd4 19. Qb2 Nec6 20. Be3 Qe7 21. Nd6 b6 22. f4 bxc5 23. fxe5 Qxe5 24. Bf4 Nf3+ 0-1